000 00562nam a2200193 i 4500
001 bg
100 1 _aGREINERT, Henryk
_d(1934- )
245 1 0 _aOchrona gleb /
_cHenryk Greinert.
260 _aZielona Góra :
_bWydaw. Politechniki Zielonogórskiej,
_c1998.
300 _a183 s. :
_brys., wykr. ;
_c24 cm.
504 _aBibliogr. s. 160-183.
650 9 _aGleba
_xhigiena i ochrona
655 _aPodręczniki akademickie
040 _cBPK
041 0 _apl
080 _a631.459/.46:628.39](075.8)
942 _cKS
008 s pl f |000 0 pol
999 _c38056
_d38056
856 _uhttp://koha.tu.koszalin.pl/cgi-bin/koha/opac-detail.pl?biblionumber=38056
_yKatalog online BPK